000 00564nam a2200193Ia 4500
005 20250508162630.0
008 008 250505s9999 xx 000 0 hin d
037 _aTextual
040 _aFEDL
_beng
_cFEDL
041 _ahin
_2hin
084 _a371.26, UME
_qFEDL
100 _aUmesh Prashad Singh
_9773641
245 0 _aSheshik mapan awam nirdeshan
260 _aAgra, India
_bVinod Pustak Mandir
_c1977
300 _a121p.
650 _aEducational - Test and Measurement
_9758070
942 _cTEXL
_h371.26, UME
999 _c1377733
_d1377733